[Event "16. Obert Internacional Sant Martí 2014"]
[Site "Barcelona ESP"]
[Date "2014.07.13"]
[Round "1.49"]
[White "Gisbert Mir, Alejandro"]
[Black "Oms Fuentes, Lluis"]
[Result "0-1"]
[WhiteElo "1804"]
[BlackElo "2293"]
[PlyCount "34"]
[EventDate "2014.07.13"]
[EventType "swiss"]
[EventRounds "9"]
[EventCountry "ESP"]
[Source "lmi"]
[SourceDate "2014.07.13"]

1. d4 f5 2. Nc3 Nf6 3. Bf4 e6 4. e3 Bb4 5. a3 Bxc3+ 6. bxc3 b6 7. Nf3 Bb7 8.
Bd3 d6 9. c4 Nbd7 10. O-O Qe7 11. Bg5 O-O 12. Rb1 h6 13. Bxf6 Qxf6 14. Nd2 e5
15. c3 Rae8 16. Qa4 Qg5 17. f3 Qxe3+ 0-1

[Event "16. Obert Internacional Sant Martí 2014"]
[Site "Barcelona ESP"]
[Date "2014.07.13"]
[Round "1.50"]
[White "Ryan, Joseph"]
[Black "Romero Gamez, Francisco Javier"]
[Result "1-0"]
[WhiteElo "2285"]
[BlackElo "1795"]
[PlyCount "67"]
[EventDate "2014.07.13"]
[EventType "swiss"]
[EventRounds "9"]
[EventCountry "ESP"]
[Source "lmi"]
[SourceDate "2014.07.13"]

1. e4 c5 2. Nf3 e6 3. b3 a6 4. Bb2 Nc6 5. c4 Nf6 6. Nc3 d6 7. d4 cxd4 8. Nxd4
Be7 9. g3 O-O 10. Bg2 e5 11. Nc2 Bg4 12. Qd2 Qd7 13. O-O Bh3 14. Ne3 Bxg2 15.
Kxg2 Rfd8 16. Ned5 Nxd5 17. Nxd5 Bf8 18. Nb6 Qe6 19. Nxa8 Rxa8 20. Rfd1 Be7 21.
a4 Qg6 22. Qe2 h5 23. Qf3 h4 24. g4 Nd8 25. Qf5 Qh6 26. h3 Ne6 27. Bc1 Bg5 28.
Bxg5 Nxg5 29. c5 dxc5 30. Rd7 g6 31. Qxe5 Ne6 32. Rad1 Re8 33. Qf6 Rf8 34. Rxb7
1-0

[Event "16. Obert Internacional Sant Martí 2014"]
[Site "Barcelona ESP"]
[Date "2014.07.13"]
[Round "1.51"]
[White "Castillo Dalmau, Albert"]
[Black "Larsson, Anders"]
[Result "0-1"]
[WhiteElo "1695"]
[BlackElo "2270"]
[PlyCount "70"]
[EventDate "2014.07.13"]
[EventType "swiss"]
[EventRounds "9"]
[EventCountry "ESP"]
[Source "lmi"]
[SourceDate "2014.07.13"]

1. c4 e5 2. g3 Nf6 3. Bg2 Bc5 4. Nc3 O-O 5. e3 Re8 6. a3 c6 7. Nge2 Bf8 8. d4
d6 9. O-O Be6 10. Qb3 Qc8 11. d5 Bd7 12. e4 Na6 13. Bg5 Be7 14. Rac1 Nxd5 15.
Bxe7 Nxe7 16. Rfd1 Qc7 17. Qc2 Rad8 18. b4 Be6 19. Qd3 Qb8 20. Rd2 Nc7 21. f4
b5 22. cxb5 cxb5 23. Rcd1 Bb3 24. Rf1 Qb6+ 25. Kh1 Bc4 26. Qf3 f6 27. Rfd1 Ne6
28. Bh3 Nf8 29. fxe5 dxe5 30. Nd5 Nxd5 31. exd5 e4 32. Qg4 Bb3 33. Nf4 Bxd1 34.
Rxd1 e3 35. Qh5 Ng6 0-1

[Event "16. Obert Internacional Sant Martí 2014"]
[Site "Barcelona ESP"]
[Date "2014.07.13"]
[Round "1.52"]
[White "Persson, Andreas"]
[Black "Paragliola, Gennaro"]
[Result "1-0"]
[WhiteElo "2249"]
[BlackElo "1560"]
[PlyCount "27"]
[EventDate "2014.07.13"]
[EventType "swiss"]
[EventRounds "9"]
[EventCountry "ESP"]
[Source "lmi"]
[SourceDate "2014.07.13"]

1. e4 d6 2. d4 g6 3. Nc3 Bg7 4. f4 Nf6 5. Nf3 O-O 6. Bd3 c5 7. dxc5 dxc5 8. Be3
b6 9. Qe2 Bb7 10. O-O-O Qc8 11. e5 Nfd7 12. Ng5 Rd8 13. Nxf7 Kxf7 14. e6+ 1-0

[Event "16. Obert Internacional Sant Martí 2014"]
[Site "Barcelona ESP"]
[Date "2014.07.13"]
[Round "1.53"]
[White "Tateo, Ida"]
[Black "Porras Mateo, Felipe"]
[Result "0-1"]
[WhiteElo "1330"]
[BlackElo "2243"]
[PlyCount "74"]
[EventDate "2014.07.13"]
[EventType "swiss"]
[EventRounds "9"]
[EventCountry "ESP"]
[Source "lmi"]
[SourceDate "2014.07.13"]

1. e4 e5 2. Nf3 Nc6 3. Bb5 a6 4. Ba4 Nf6 5. O-O b5 6. Bb3 Be7 7. Re1 d6 8. c3
O-O 9. h3 Na5 10. Bc2 c5 11. d4 Qc7 12. d5 Nc4 13. b3 Nb6 14. Nbd2 Bd7 15. Nf1
c4 16. b4 a5 17. Ba3 a4 18. Ng3 g6 19. Bc1 a3 20. Ne2 Nh5 21. g4 Ng7 22. Ng3
Kh8 23. Kg2 f5 24. g5 Na4 25. Qd2 fxe4 26. Bxe4 Nb6 27. Rh1 Bf5 28. h4 Bxe4 29.
Nxe4 Qd7 30. Nh2 Nh5 31. Qd1 Rf4 32. Nf6 Bxf6 33. gxf6 Rxh4 34. Qf3 Nf4+ 35.
Bxf4 Rxf4 36. Qg3 Nxd5 37. Rad1 Nxf6 0-1

[Event "16. Obert Internacional Sant Martí 2014"]
[Site "Barcelona ESP"]
[Date "2014.07.13"]
[Round "1.54"]
[White "Amigo Vilalta, Jordi"]
[Black "Julian Barrachina, Lluis"]
[Result "1-0"]
[WhiteElo "2231"]
[BlackElo "2125"]
[PlyCount "93"]
[EventDate "2014.07.13"]
[EventType "swiss"]
[EventRounds "9"]
[EventCountry "ESP"]
[Source "lmi"]
[SourceDate "2014.07.13"]

1. d4 d5 2. c4 e6 3. Nc3 c5 4. cxd5 exd5 5. Nf3 Nc6 6. g3 Nf6 7. Bg2 Be7 8. O-O
cxd4 9. Nxd4 O-O 10. a3 Re8 11. b4 Be6 12. Nxe6 fxe6 13. Bh3 Bd6 14. Bg5 Be5
15. Rc1 h6 16. Bd2 a6 17. Qc2 Nd4 18. Qg6 Kh8 19. f4 Bd6 20. Be3 Nc6 21. Na4 d4
22. Bd2 Ne7 23. Qd3 Nc6 24. Nc5 Bxc5 25. Rxc5 e5 26. fxe5 Nxe5 27. Qf5 Nf7 28.
Rfc1 Nd6 29. Qd3 Nfe4 30. Rc7 Ng5 31. Bg2 Ne6 32. Bxh6 Nxc7 33. Bxg7+ Kxg7 34.
Qxd4+ Qf6 35. Rxc7+ Nf7 36. Qc4 Rad8 37. Bd5 Rf8 38. Kg2 Rde8 39. Rxb7 Re5 40.
e4 Rh5 41. Qe2 Rfh8 42. Qg4+ Rg5 43. Rxf7+ Qxf7 44. Qxg5+ Qg6 45. Qxg6+ Kxg6
46. Bb7 Rd8 47. Bxa6 1-0

[Event "16. Obert Internacional Sant Martí 2014"]
[Site "Barcelona ESP"]
[Date "2014.07.14"]
[Round "2.1"]
[White "Bachmann, Axel"]
[Black "Cruz, Filemon"]
[Result "1-0"]
[WhiteElo "2652"]
[BlackElo "2412"]
[PlyCount "65"]
[EventDate "2014.07.13"]
[EventType "swiss"]
[EventRounds "9"]
[EventCountry "ESP"]
[Source "lmi"]
[SourceDate "2014.07.13"]

1. Nf3 d5 2. g3 c6 3. Bg2 Bf5 4. O-O e6 5. d3 h6 6. c4 Nf6 7. Nc3 Be7 8. cxd5
exd5 9. Qb3 Qb6 10. Qc2 O-O 11. e4 Bh7 12. Be3 Qa6 13. Rfd1 Nbd7 14. h3 Nc5 15.
Nd4 Rac8 16. b4 Ne6 17. Qb3 Nxd4 18. Bxd4 Rfd8 19. a4 c5 20. bxc5 Bxc5 21. Bxc5
Rxc5 22. d4 Qc4 23. Qa3 Ra5 24. e5 Ne4 25. Qe7 Qc8 26. Rac1 Qd7 27. Qxd7 Rxd7
28. Ne2 Bg6 29. h4 Rxa4 30. Rc8+ Kh7 31. f3 Ra2 32. fxe4 Rxe2 33. Bh3 1-0

[Event "16. Obert Internacional Sant Martí 2014"]
[Site "Barcelona ESP"]
[Date "2014.07.14"]
[Round "2.2"]
[White "Palit, Somak"]
[Black "Cori, Jorge"]
[Result "0-1"]
[WhiteElo "2411"]
[BlackElo "2608"]
[PlyCount "60"]
[EventDate "2014.07.13"]
[EventType "swiss"]
[EventRounds "9"]
[EventCountry "ESP"]
[Source "lmi"]
[SourceDate "2014.07.13"]

1. Nf3 Nf6 2. g3 d5 3. Bg2 c6 4. O-O Bf5 5. b3 h6 6. Bb2 Nbd7 7. d3 e6 8. Nbd2
Bh7 9. Re1 Be7 10. e4 dxe4 11. dxe4 O-O 12. a3 a5 13. e5 Nd5 14. Ne4 a4 15. Qe2
axb3 16. cxb3 Qb8 17. b4 Rd8 18. Rac1 Bg6 19. Bh3 Bh5 20. Ned2 c5 21. b5 N7b6
22. Nc4 Nxc4 23. Rxc4 Nb6 24. Rcc1 c4 25. Qe4 Bg6 26. Qf4 Ra4 27. Nd4 Bg5 28.
Qg4 c3 29. Bxc3 Bf5 30. Qh5 g6 0-1

[Event "16. Obert Internacional Sant Martí 2014"]
[Site "Barcelona ESP"]
[Date "2014.07.14"]
[Round "2.3"]
[White "Peralta, Fernando"]
[Black "Aloma Vidal, Robert"]
[Result "1-0"]
[WhiteElo "2596"]
[BlackElo "2406"]
[PlyCount "193"]
[EventDate "2014.07.13"]
[EventType "swiss"]
[EventRounds "9"]
[EventCountry "ESP"]
[Source "lmi"]
[SourceDate "2014.07.13"]

1. d4 Nf6 2. c4 e6 3. Nc3 Bb4 4. e3 O-O 5. Nf3 d5 6. a3 Bxc3+ 7. bxc3 c5 8. Bb2
b6 9. Bd3 dxc4 10. Bxc4 Qc7 11. Bd3 Bb7 12. O-O Nbd7 13. c4 cxd4 14. exd4 Qf4
15. a4 Be4 16. Be2 Rac8 17. Qd2 Qc7 18. Rfc1 Bxf3 19. Bxf3 e5 20. a5 Rfe8 21.
axb6 axb6 22. d5 Nc5 23. Qe3 Nfd7 24. Be2 Ra8 25. Ra3 Rxa3 26. Qxa3 Qd6 27. Ra1
Qg6 28. Bf1 Qf5 29. Qe3 h6 30. Ra7 Qb1 31. Ba3 Qc2 32. h4 Qd1 33. g3 e4 34. Kg2
Nf6 35. Be2 Qc2 36. g4 Nfd7 37. Bf1 Ne5 38. Qe2 Qb1 39. Qb2 Qxb2 40. Bxb2 Nxg4
41. Kg3 h5 42. Be2 e3 43. f3 Nf2 44. Bd4 Nfd3 45. Kg2 Nf4+ 46. Kf1 Ng6 47. Ra3
Nxh4 48. Bxe3 Nf5 49. Bxc5 bxc5 50. Kf2 g5 51. Bd3 Nd4 52. Ra5 Rc8 53. d6 Kg7
54. d7 Rd8 55. Rxc5 Rxd7 56. Rxg5+ Kf6 57. Rxh5 Ne6 58. Rf5+ Ke7 59. Be4 Nd4
60. Ra5 Rc7 61. Bd5 Nb3 62. Rb5 Nd4 63. Rb6 Nf5 64. Ke2 Nd6 65. Kd3 Rc8 66. Kd4
Rc7 67. Ra6 Nf5+ 68. Kc3 Nd6 69. Ra5 Ne8 70. c5 Nf6 71. Ba8 Ke6 72. Kc4 Nd7 73.
Bd5+ Ke7 74. Kd4 Nf6 75. Ba8 Nd7 76. Be4 Nf6 77. Bf5 Ne8 78. Ke5 Ng7 79. Be4
Ne6 80. c6 Nd8 81. Ra6 Ne6 82. Kd5 Rc8 83. Ra7+ Rc7 84. Ra6 Rc8 85. Ra7+ Rc7
86. Ra8 Ng7 87. Kc5 Ne6+ 88. Kb6 Kd6 89. Ra5 Ke7 90. Bf5 Kd6 91. Be4 Ke7 92. f4
Rc8 93. f5 Ng5 94. Kb7 Rh8 95. Bg2 f6 96. c7 Nf7 97. Rd5 1-0

[Event "16. Obert Internacional Sant Martí 2014"]
[Site "Barcelona ESP"]
[Date "2014.07.14"]
[Round "2.4"]
[White "Martinez Romero, Martin"]
[Black "Grigoryan, Karen H"]
[Result "1/2-1/2"]
[WhiteElo "2401"]
[BlackElo "2592"]
[PlyCount "67"]
[EventDate "2014.07.13"]
[EventType "swiss"]
[EventRounds "9"]
[EventCountry "ESP"]
[Source "lmi"]
[SourceDate "2014.07.13"]

1. e4 c5 2. Nf3 d6 3. d4 cxd4 4. Nxd4 Nf6 5. Nc3 a6 6. Bc4 e6 7. O-O Nc6 8. Bb3
Be7 9. Be3 O-O 10. f4 Nxd4 11. Bxd4 b5 12. e5 dxe5 13. fxe5 Ne8 14. Qg4 b4 15.
Na4 Rb8 16. Rad1 Qc7 17. Kh1 g6 18. c3 Ng7 19. Rc1 Qa5 20. cxb4 Rxb4 21. Qd1
Rb5 22. Nc3 Rxe5 23. Bxe5 Qxe5 24. Re1 Qb8 25. Ne4 Nf5 26. Qc2 Bh4 27. Qc3 Bb7
28. Nf6+ Bxf6 29. Qxf6 Qf4 30. Qe5 Qg5 31. Rc2 h5 32. Kg1 h4 33. h3 Rd8 34.
Bxe6 1/2-1/2

[Event "16. Obert Internacional Sant Martí 2014"]
[Site "Barcelona ESP"]
[Date "2014.07.14"]
[Round "2.5"]
[White "Burmakin, Vladimir"]
[Black "Sanchez Enriquez, Oscar Gerard"]
[Result "1-0"]
[WhiteElo "2590"]
[BlackElo "2401"]
[PlyCount "67"]
[EventDate "2014.07.13"]
[EventType "swiss"]
[EventRounds "9"]
[EventCountry "ESP"]
[Source "lmi"]
[SourceDate "2014.07.13"]

1. d4 Nf6 2. Nf3 e6 3. g3 b5 4. Bg2 Bb7 5. O-O c5 6. Na3 Qb6 7. c4 b4 8. Nc2
Be4 9. Nfe1 Bxg2 10. Nxg2 cxd4 11. Nxd4 Be7 12. a3 bxa3 13. b3 O-O 14. Bxa3
Bxa3 15. Rxa3 d5 16. Ne3 Rd8 17. cxd5 Nxd5 18. Nc4 Qb7 19. Qa1 Nb4 20. Na5 Qe4
21. Rc1 e5 22. Ra4 exd4 23. Rxb4 Qxe2 24. Rxd4 Na6 25. Nc6 Rxd4 26. Qxd4 Nc7
27. Qd7 Ne6 28. Ne7+ Kf8 29. Nc8 Qf3 30. Qe7+ Kg8 31. Qe8+ Nf8 32. Ne7+ Kh8 33.
Rc8 Rxc8 34. Qxc8 1-0

[Event "16. Obert Internacional Sant Martí 2014"]
[Site "Barcelona ESP"]
[Date "2014.07.14"]
[Round "2.6"]
[White "Alarcon Casellas, Rolando"]
[Black "Cruz, Cristhian"]
[Result "1-0"]
[WhiteElo "2378"]
[BlackElo "2563"]
[PlyCount "71"]
[EventDate "2014.07.13"]
[EventType "swiss"]
[EventRounds "9"]
[EventCountry "ESP"]
[Source "lmi"]
[SourceDate "2014.07.13"]

1. d4 d5 2. Nf3 Nf6 3. c4 c6 4. e3 a6 5. Bd3 b5 6. b3 Bg4 7. O-O Nbd7 8. Bb2 e6
9. Nbd2 Bd6 10. Qc2 Qb8 11. h3 Bxf3 12. Nxf3 O-O 13. a4 Rc8 14. axb5 axb5 15.
Rxa8 Qxa8 16. Ra1 Qb8 17. c5 Bc7 18. Bc3 e5 19. Bf5 Rd8 20. Bxd7 Nxd7 21. dxe5
Nxe5 22. Nd4 Qb7 23. Nf5 f6 24. f4 Ng6 25. Bd4 Ra8 26. Qb2 Rxa1+ 27. Qxa1 Kf7
28. Qd1 Qa8 29. Qh5 Qa2 30. Kh2 Qc2 31. b4 Kf8 32. Qg4 Qe4 33. h4 Kf7 34. h5
Nxf4 35. Qxg7+ Ke8 36. Nd6+ 1-0

[Event "16. Obert Internacional Sant Martí 2014"]
[Site "Barcelona ESP"]
[Date "2014.07.14"]
[Round "2.7"]
[White "Vasquez Schroeder, Rodrigo"]
[Black "Perpinya Rofes, Lluis Maria"]
[Result "1-0"]
[WhiteElo "2551"]
[BlackElo "2400"]
[PlyCount "55"]
[EventDate "2014.07.13"]
[EventType "swiss"]
[EventRounds "9"]
[EventCountry "ESP"]
[Source "lmi"]
[SourceDate "2014.07.13"]

1. d4 Nf6 2. c4 g6 3. g3 Bg7 4. Bg2 d5 5. cxd5 Nxd5 6. e4 Nb6 7. Ne2 e5 8. d5
O-O 9. O-O f5 10. Nbc3 Nc4 11. exf5 Bxf5 12. h3 Nd6 13. g4 Bc8 14. Ng3 Nd7 15.
Nge4 Nf6 16. Bg5 Qe8 17. Be3 Nfxe4 18. Nxe4 Nxe4 19. Bxe4 Rf7 20. Qb3 Bf8 21.
Kg2 Bd6 22. f3 Bd7 23. h4 b6 24. Qc2 Qe7 25. Rh1 Be8 26. Bg5 Qf8 27. h5 gxh5
28. Rxh5 1-0

[Event "16. Obert Internacional Sant Martí 2014"]
[Site "Barcelona ESP"]
[Date "2014.07.14"]
[Round "2.8"]
[White "Cruz Lledo, Pablo"]
[Black "Lopez Martinez, Josep Manuel"]
[Result "0-1"]
[WhiteElo "2373"]
[BlackElo "2548"]
[PlyCount "78"]
[EventDate "2014.07.13"]
[EventType "swiss"]
[EventRounds "9"]
[EventCountry "ESP"]
[Source "lmi"]
[SourceDate "2014.07.13"]

1. d4 d6 2. Nf3 Bg4 3. c4 Bxf3 4. exf3 g6 5. Nc3 Bg7 6. Be2 e6 7. h4 Nf6 8. Be3
Nbd7 9. Qd2 c6 10. O-O-O d5 11. cxd5 cxd5 12. Kb1 a6 13. f4 h5 14. f3 Ng8 15.
g4 Ne7 16. f5 gxf5 17. Bd3 fxg4 18. fxg4 Qb6 19. gxh5 Bxd4 20. Bg5 f6 21. Bg6+
Nxg6 22. hxg6 fxg5 23. Na4 Qa7 24. h5 Bf6 25. h6 O-O-O 26. g7 Rhe8 27. Qc2+ Kb8
28. Qg6 Qe3 29. Rde1 Qd4 30. Rxe6 Rxe6 31. g8=Q Re2 32. Qxd8+ Bxd8 33. h7 Bf6
34. Ka1 Ka7 35. Nc3 Rxb2 36. Qxf6 Nxf6 37. Kxb2 Nxh7 38. Rxh7 Qd2+ 39. Kb3 d4
0-1

[Event "16. Obert Internacional Sant Martí 2014"]
[Site "Barcelona ESP"]
[Date "2014.07.14"]
[Round "2.9"]
[White "Movsziszian, Karen"]
[Black "Das, Sayantan"]
[Result "1-0"]
[WhiteElo "2520"]
[BlackElo "2381"]
[PlyCount "91"]
[EventDate "2014.07.13"]
[EventType "swiss"]
[EventRounds "9"]
[EventCountry "ESP"]
[Source "lmi"]
[SourceDate "2014.07.13"]

1. g3 c5 2. Bg2 g6 3. d3 Bg7 4. f4 Nc6 5. Nf3 d5 6. O-O e6 7. c3 Nge7 8. e4 O-O
9. Qe2 b6 10. Na3 Ba6 11. e5 Qd7 12. Bd2 b5 13. d4 cxd4 14. cxd4 Qb7 15. b4 Qb6
16. Nc2 Nf5 17. Bc3 Rfc8 18. Bb2 h5 19. Bh3 Nce7 20. Rfd1 Rc4 21. a3 Bc8 22.
Nfe1 a5 23. Nd3 Ra7 24. Nc5 f6 25. Kh1 fxe5 26. fxe5 Bh6 27. g4 hxg4 28. Bxg4
Qc6 29. Rg1 Kh7 30. Bc1 Bxc1 31. Raxc1 axb4 32. axb4 Qe8 33. Qd3 Ra2 34. Qb3
Ra7 35. Rcf1 Qf7 36. Ne1 Qg7 37. Nf3 Qh6 38. Ng5+ Qxg5 39. Bxf5 Qh6 40. Bxe6
Rxc5 41. Rf7+ Kh8 42. Qf3 Bxe6 43. Qf6+ Kg8 44. Rxe7 Rxe7 45. Rxg6+ Rg7 46.
Qxe6+ 1-0

[Event "16. Obert Internacional Sant Martí 2014"]
[Site "Barcelona ESP"]
[Date "2014.07.14"]
[Round "2.10"]
[White "Gomez Garrido, Camilo Ernesto"]
[Black "Akshat, Khamparia"]
[Result "1-0"]
[WhiteElo "2495"]
[BlackElo "2367"]
[PlyCount "67"]
[EventDate "2014.07.13"]
[EventType "swiss"]
[EventRounds "9"]
[EventCountry "ESP"]
[Source "lmi"]
[SourceDate "2014.07.13"]

1. e4 c5 2. Nf3 Nc6 3. d4 cxd4 4. Nxd4 e5 5. Nb5 a6 6. Nd6+ Bxd6 7. Qxd6 Qe7 8.
Qd1 Nf6 9. Nc3 d6 10. Bg5 Be6 11. Nd5 Bxd5 12. exd5 Nb8 13. c4 Nbd7 14. Be2 h6
15. Be3 O-O 16. b4 Nh7 17. c5 f5 18. c6 Ndf6 19. Rc1 f4 20. Bb6 e4 21. O-O Kh8
22. f3 Rfb8 23. Qd4 bxc6 24. dxc6 Ng5 25. Rfd1 d5 26. c7 Rc8 27. fxe4 Ne6 28.
Qc3 dxe4 29. Qe5 f3 30. Bc4 Qxb4 31. Qxe6 Re8 32. Qc6 Qb2 33. Bf1 Ng4 34. Bd4
1-0

[Event "16. Obert Internacional Sant Martí 2014"]
[Site "Barcelona ESP"]
[Date "2014.07.14"]
[Round "2.11"]
[White "Sardana, Rishi"]
[Black "Gonzalez Perez, Arian"]
[Result "1-0"]
[WhiteElo "2363"]
[BlackElo "2494"]
[PlyCount "63"]
[EventDate "2014.07.13"]
[EventType "swiss"]
[EventRounds "9"]
[EventCountry "ESP"]
[Source "lmi"]
[SourceDate "2014.07.13"]

1. e4 e6 2. d4 d5 3. Nd2 Nf6 4. e5 Nfd7 5. c3 c5 6. Bd3 Nc6 7. Ne2 cxd4 8. cxd4
f6 9. exf6 Nxf6 10. Nf3 Qc7 11. O-O Bd6 12. Bg5 O-O 13. Rc1 Ng4 14. Ng3 Qb6 15.
Bd2 e5 16. dxe5 Ncxe5 17. Be2 d4 18. Nxe5 Nxe5 19. Kh1 d3 20. Bh5 g6 21. f4 Nf7
22. Bf3 Be6 23. Be4 Nh6 24. f5 Nxf5 25. Nxf5 gxf5 26. Bxf5 Rxf5 27. Qg4+ Kh8
28. Rxf5 Be5 29. Qe4 Bxb2 30. Rh5 Bg8 31. Rb1 Qf2 32. Be3 1-0

[Event "16. Obert Internacional Sant Martí 2014"]
[Site "Barcelona ESP"]
[Date "2014.07.14"]
[Round "2.12"]
[White "Cuartas, Jaime Alexander"]
[Black "Kholopov, Alexander A"]
[Result "1-0"]
[WhiteElo "2483"]
[BlackElo "2339"]
[PlyCount "75"]
[EventDate "2014.07.13"]
[EventType "swiss"]
[EventRounds "9"]
[EventCountry "ESP"]
[Source "lmi"]
[SourceDate "2014.07.13"]

1. e4 c5 2. Nf3 Nc6 3. Bb5 e6 4. O-O Nge7 5. c3 d5 6. exd5 Qxd5 7. d4 cxd4 8.
c4 Qd6 9. Nxd4 Bd7 10. Nxc6 Nxc6 11. Nc3 a6 12. Ba4 Qxd1 13. Rxd1 Ne5 14. b3
O-O-O 15. Bf4 Ng6 16. Be3 Bb4 17. Bxd7+ Rxd7 18. Rxd7 Kxd7 19. Na4 Kc6 20. Bb6
Ne5 21. Bd4 Bd6 22. Nc3 Rd8 23. Rd1 Bc7 24. Kf1 f6 25. Ke2 Nf7 26. b4 Nd6 27.
a4 b5 28. cxb5+ axb5 29. Rc1 bxa4 30. Nxa4+ Kd5 31. Bxf6 gxf6 32. Rxc7 h6 33.
Rc5+ Kd4 34. Rc1 Ra8 35. Nc5 Ra2+ 36. Kf1 Ne4 37. Rd1+ Nd2+ 38. Rxd2+ 1-0

[Event "16. Obert Internacional Sant Martí 2014"]
[Site "Barcelona ESP"]
[Date "2014.07.14"]
[Round "2.13"]
[White "Gemy, Jose Daniel"]
[Black "Matsenko, Sergei"]
[Result "1/2-1/2"]
[WhiteElo "2330"]
[BlackElo "2474"]
[PlyCount "64"]
[EventDate "2014.07.13"]
[EventType "swiss"]
[EventRounds "9"]
[EventCountry "ESP"]
[Source "lmi"]
[SourceDate "2014.07.13"]

1. d4 Nf6 2. Nf3 e6 3. c4 b6 4. g3 Bb4+ 5. Bd2 Bxd2+ 6. Nbxd2 Bb7 7. Qc2 c5 8.
Bg2 cxd4 9. O-O O-O 10. Rfd1 Qc7 11. Nxd4 Bxg2 12. Kxg2 a6 13. Rac1 d6 14. N2f3
Qb7 15. Nb3 Ne4 16. Nbd2 Nf6 17. Nb3 Ne8 18. Kg1 Nd7 19. Ng5 Ndf6 20. Nd2 Rc8
21. Qd3 Rc6 22. b4 Qc8 23. Nb3 h6 24. Nf3 Rc7 25. Nfd2 Nd7 26. Qe3 Nef6 27. Qd4
d5 28. cxd5 Nxd5 29. Rxc7 Qxc7 30. Rc1 Qb7 31. e4 N5f6 32. Qc4 Rb8 1/2-1/2

[Event "16. Obert Internacional Sant Martí 2014"]
[Site "Barcelona ESP"]
[Date "2014.07.14"]
[Round "2.14"]
[White "Cruz, Jonathan"]
[Black "Gurevich, Daniel"]
[Result "0-1"]
[WhiteElo "2471"]
[BlackElo "2317"]
[PlyCount "192"]
[EventDate "2014.07.13"]
[EventType "swiss"]
[EventRounds "9"]
[EventCountry "ESP"]
[Source "lmi"]
[SourceDate "2014.07.13"]

1. c4 g6 2. Nc3 Bg7 3. g3 c5 4. Bg2 Nc6 5. a3 h5 6. h4 d6 7. Rb1 Bd7 8. d3 Rb8
9. Bd2 a6 10. b4 cxb4 11. axb4 b5 12. cxb5 axb5 13. Nh3 Nh6 14. Ng5 O-O 15. O-O
Ng4 16. e3 Nce5 17. Qe2 Bf5 18. Nge4 d5 19. Nc5 d4 20. Nd5 dxe3 21. fxe3 Qd6
22. Nf4 Rfd8 23. Ne4 Qb6 24. Rbc1 Ra8 25. Nc5 Ra2 26. Bd5 Rb2 27. e4 Bc8 28. d4
e6 29. dxe5 exd5 30. Nxd5 Qa7 31. Ra1 Qb8 32. Nd3 Rb3 33. Bf4 Nxe5 34. Nc5 Bg4
35. Qa2 Rf3 36. Rac1 Qa8 37. Qa5 Qxa5 38. bxa5 Nc4 39. Kg2 Rxf1 40. Rxf1 Nxa5
41. Bc7 Ra8 42. Ne7+ Kf8 43. Nxg6+ Ke8 44. Be5 Nc4 45. Bxg7 Ne3+ 46. Kf2 Nxf1
47. Nf4 Nd2 48. Nd5 Ra2 49. Ke3 Nf1+ 50. Kf4 Rf2+ 51. Ke5 f5 52. Bh6 Nxg3 53.
Nc7+ Kf7 54. Nxb5 fxe4 55. Nd6+ Kg6 56. Be3 Rf3 57. Nc4 Rf8 58. Nd6 Nf5 59. Ne6
Ra8 60. Nxf5 Ra5+ 61. Bc5 Bxf5 62. Nf4+ Kf7 63. Kxf5 Rxc5+ 64. Kxe4 Kf6 65.
Nd5+ Kg6 66. Ke5 Ra5 67. Ke6 Ra6+ 68. Ke5 Ra4 69. Nf4+ Kh6 70. Kf5 Ra1 71. Nd3
Rf1+ 72. Nf4 Rh1 73. Ng6 Rf1+ 74. Nf4 Rf2 75. Ke5 Rh2 76. Nd5 Rxh4 77. Kf5 Ra4
78. Nc3 Ra5+ 79. Kf4 Kg6 80. Ne4 Ra4 81. Kf3 Kf5 82. Nf2 Ra3+ 83. Kg2 Kf4 84.
Nh3+ Kg4 85. Nf2+ Kh4 86. Kh2 Rg3 87. Nh1 Rg8 88. Nf2 Rg7 89. Nh1 Kg4 90. Nf2+
Kf3 91. Nd3 Re7 92. Nb4 Kg4 93. Nd3 Re2+ 94. Kg1 Kf3 95. Kf1 h4 96. Nf4 Ra2 0-1

[Event "16. Obert Internacional Sant Martí 2014"]
[Site "Barcelona ESP"]
[Date "2014.07.14"]
[Round "2.15"]
[White "Sagar, Shah"]
[Black "Ghosh, Diptayan"]
[Result "1/2-1/2"]
[WhiteElo "2314"]
[BlackElo "2468"]
[PlyCount "166"]
[EventDate "2014.07.13"]
[EventType "swiss"]
[EventRounds "9"]
[EventCountry "ESP"]
[Source "lmi"]
[SourceDate "2014.07.13"]

1. d4 d5 2. c4 c6 3. Nf3 Nf6 4. Nc3 dxc4 5. a4 Bf5 6. e3 e6 7. Bxc4 Bb4 8. O-O
O-O 9. Qe2 Ne4 10. Bd3 Bxc3 11. bxc3 Nxc3 12. Qc2 Bxd3 13. Qxd3 Nd5 14. Ba3 Re8
15. Rab1 b6 16. Rfc1 Nf6 17. Ne5 Qd5 18. Qc3 Ne4 19. Qb2 f6 20. Nd3 e5 21. f3
Ng5 22. Nb4 Qe6 23. Qb3 exd4 24. exd4 Qxb3 25. Rxb3 Ne6 26. Re3 Kf7 27. Nxc6
Nxc6 28. Rxc6 Rad8 29. Bb2 Nf4 30. Rc7+ Kg6 31. Re4 Rxe4 32. fxe4 Re8 33. g3
Nd3 34. Bc3 Rxe4 35. Rxa7 Nc1 36. Kf2 Ne2 37. Bb2 Nxd4 38. Bxd4 Rxd4 39. h4 Rb4
40. Rb7 h5 41. Kf3 Kf5 42. Rxg7 Rxa4 43. Rh7 Ra3+ 44. Kg2 Kg6 45. Rb7 Rb3 46.
Rb8 Rb5 47. Kf3 Kf5 48. Rh8 Ke6 49. Rb8 Ke5 50. Rh8 Ke6 51. Rb8 Rf5+ 52. Ke4
Re5+ 53. Kf4 b5 54. g4 hxg4 55. Kxg4 Kf7 56. h5 Rg5+ 57. Kh4 Kg7 58. Rb6 Re5
59. Kg4 Rg5+ 60. Kh4 Rf5 61. Kg4 Rc5 62. h6+ Kg6 63. h7 Kxh7 64. Rxf6 Kg7 65.
Rb6 Kf7 66. Kf4 Ke7 67. Ke4 Kd7 68. Kd4 Rh5 69. Kc3 Kc7 70. Rg6 Rh4 71. Kb3 Rc4
72. Rh6 Rc6 73. Rxc6+ Kxc6 74. Kb4 Kb6 75. Kb3 Kc5 76. Kc3 b4+ 77. Kb3 Kb5 78.
Kb2 Kc4 79. Kc2 b3+ 80. Kb2 Kb4 81. Kb1 Kc3 82. Kc1 b2+ 83. Kb1 Kb3 1/2-1/2

[Event "16. Obert Internacional Sant Martí 2014"]
[Site "Barcelona ESP"]
[Date "2014.07.14"]
[Round "2.16"]
[White "Martinez Alcantara, Jose Eduardo"]
[Black "Huerga Leache, Mikel"]
[Result "1-0"]
[WhiteElo "2295"]
[BlackElo "2458"]
[PlyCount "159"]
[EventDate "2014.07.13"]
[EventType "swiss"]
[EventRounds "9"]
[EventCountry "ESP"]
[Source "lmi"]
[SourceDate "2014.07.13"]

1. c4 e5 2. g3 Nf6 3. Bg2 c6 4. d4 Bb4+ 5. Bd2 Bxd2+ 6. Qxd2 e4 7. Nc3 d5 8.
cxd5 cxd5 9. f3 exf3 10. Nxf3 O-O 11. O-O Nc6 12. Ne5 Be6 13. Nxc6 bxc6 14. Na4
Qc8 15. Bf3 Re8 16. Rac1 Bh3 17. Rfe1 Re7 18. Nc5 Qc7 19. Qf4 Rae8 20. Qxc7
Rxc7 21. Nd3 Kf8 22. Rc3 Ke7 23. Rec1 Bd7 24. Nb4 Kd6 25. Na6 Rb7 26. b3 Rc8
27. a3 Bg4 28. Nb4 Rbc7 29. Nd3 Bxf3 30. exf3 Nd7 31. Nc5 a5 32. Kf2 Ra8 33.
Nd3 Nf8 34. Nc5 Re7 35. R1c2 Raa7 36. Nd3 Rec7 37. Nc5 Ne6 38. Nxe6 fxe6 39.
Rc5 Ra6 40. f4 Rb7 41. R2c3 h6 42. Kf3 Rab6 43. Kg4 g6 44. Rc2 Kd7 45. Rxa5
Rxb3 46. Ra8 Rb2 47. Rc3 Rxh2 48. Rg8 Rbb2 49. Rg7+ Kd6 50. Rxg6 Rbe2 51. f5
Re4+ 52. Kf3 h5 53. Re3 Rxe3+ 54. Kxe3 Ra2 55. Rxe6+ Kd7 56. Kf4 Rxa3 57. Rg6
Rd3 58. Ke5 Re3+ 59. Kf6 c5 60. dxc5 d4 61. Kg7 d3 62. Rd6+ Ke8 63. Kf6 d2 64.
Rxd2 Rxg3 65. Re2+ Kd7 66. Rh2 Kc6 67. Rxh5 Kxc5 68. Rg5 Ra3 69. Rg1 Ra6+ 70.
Kf7 Kd5 71. Re1 Ra2 72. f6 Kd6 73. Kg7 Rg2+ 74. Kf8 Kd7 75. f7 Rg4 76. Rd1+ Kc7
77. Ke7 Re4+ 78. Kf6 Rf4+ 79. Ke6 Rf2 80. Rd5 1-0